000 00443nam a2200169Ia 4500
005 20250508161716.0
008 008 250505s9999 xx 000 0 eng d
037 _aBooks to be hide in OPAC
040 _aFEDL
_beng
_cFEDL
041 _aeng
_2eng
084 _a191, SAN/O
_qFEDL
100 _aArnett Willard E
_972734
245 0 _aGeorge Santayana
300 _a184p.
942 _cHB
_h191, SAN/O
999 _c1371661
_d1371661